Flora y fauna acuáticas (Record no. 64215)

MARC details
000 -LEADER
campo de control de longitud fija 00905nam a2200253 i 4500
001 - NÚMERO DE CONTROL
campo de control 64215
003 - IDENTIFICADOR DE NÚMERO DE CONTROL
campo de control ES-MaACL
005 - FECHA Y HORA DE LA ÚLTIMA TRANSACCIÓN
campo de control 20250817062549.0
007 - CAMPO FIJO DE DESCRIPCIÓN FÍSICA--INFORMACIÓN GENERAL
campo de control de longitud fija t|
008 - DATOS DE LONGITUD FIJA--INFORMACIÓN GENERAL
campo de control de longitud fija 031222s1979 sp |||| | spa d
245 00 - MENCIÓN DEL TÍTULO
Título Flora y fauna acuáticas
Resto del título : conferencias /
Mención de responsabilidad, etc. José Manuel Viéitez Martín ... [et al.].
260 ## - PUBLICACIÓN, DISTRIBUCIÓN, ETC.
Lugar de publicación, distribución, etc. Madrid :
Nombre del editor, distribuidor, etc. Fundación Juan March,
Fecha de publicación, distribución, etc. [1979]
300 ## - DESCRIPCIÓN FÍSICA
Extensión 69 p. :
Otras características físicas il. ;
Dimensiones 21 cm.
490 1# - MENCIÓN DE SERIE
Mención de serie Serie universitaria
594 ## - Nota al título y mención de responsabilidad
Nota al título y mención de responsabilidad Conferencias-coloquio celebradas en la Fundación Juan March dentro de las II Semana de Biología, 1979.
650 #7 - PUNTO DE ACCESO ADICIONAL DE MATERIA--TÉRMINO DE MATERIA
Término de materia o nombre geográfico como elemento de entrada Flora de agua dulce
Fuente del encabezamiento o término embne
9 (RLIN) 168004
650 #4 - PUNTO DE ACCESO ADICIONAL DE MATERIA--TÉRMINO DE MATERIA
Término de materia o nombre geográfico como elemento de entrada Fauna de agua dulce.
9 (RLIN) 168005
700 1# - ENTRADA AGREGADA--NOMBRE PERSONAL
Nombre de persona Viéitez Martín, José Manuel.
9 (RLIN) 114573
710 2# - ENTRADA AGREGADA--NOMBRE DE ENTIDAD CORPORATIVA
Nombre de entidad corporativa o nombre de jurisdicción como elemento de entrada Fundación Juan March
9 (RLIN) 4346
711 2# - ENTRADA AGREGADA--NOMBRE DE REUNIÓN
Nombre de congreso/reunión o jurisdicción como elemento de entrada Semana de Biología (
Número del congreso/reunión o número de parte o sección 2ª)
9 (RLIN) 982
830 0# - PUNTO DE ACCESO ADICIONAL DE SERIE-TÍTULO UNIFORME
Título uniforme Serie universitaria
9 (RLIN) 180747
852 ## - LOCALIZACIÓN
Ubicación ES-MaACL
Número de control de estantería A-10002
Holdings
Estatus retirado Estado de pérdida Estado de daño No para préstamo Biblioteca de origen Biblioteca actual Ubicación en estantería Fecha de adquisición Fuente de adquisición Total de préstamos Signatura topográfica completa Código de barras Visto por última vez Precio de reemplazo Tipo de ítem Koha
        Biblioteca del Ateneo de Madrid Biblioteca del Ateneo de Madrid Depósito 1 17/01/2008     A-10002 1067293 23/02/2023 23/02/2023 Libro impreso